MARC details
| 000 -LEADER |
| fixed length control field |
01140cam a2200337 i 4500 |
| 001 - CONTROL NUMBER |
| control field |
998165453406676 |
| 003 - CONTROL NUMBER IDENTIFIER |
| control field |
TR-AnTOB |
| 005 - DATE AND TIME OF LATEST TRANSACTION |
| control field |
20240926094753.0 |
| 007 - PHYSICAL DESCRIPTION FIXED FIELD--GENERAL INFORMATION |
| fixed length control field |
ta |
| 008 - FIXED-LENGTH DATA ELEMENTS--GENERAL INFORMATION |
| fixed length control field |
230605s1997 xxu 001 0 eng d |
| 020 ## - INTERNATIONAL STANDARD BOOK NUMBER |
| International Standard Book Number |
0070224811 |
| 040 ## - CATALOGING SOURCE |
| Original cataloging agency |
DNLM |
| Language of cataloging |
eng |
| Description conventions |
rda |
| Transcribing agency |
TR-AnTOB |
| Modifying agency |
TR-AnTOB |
| 041 0# - LANGUAGE CODE |
| Language code of text/sound track or separate title |
İngilizce |
| 060 00 - NATIONAL LIBRARY OF MEDICINE CALL NUMBER |
| Classification number |
QV 150 |
| Item number |
C257 1997 |
| 096 ## - LOCALLY ASSIGNED NLM-TYPE CALL NUMBER (OCLC) |
| Classification number |
QV150 |
| Item number |
C257 1997 |
| 245 00 - TITLE STATEMENT |
| Title |
Cardiovascular pharmacotherapeutics / |
| Statement of responsibility, etc. |
editors, William H. Frishman, Edmund H. Sonnenblick. |
| 264 ## - PRODUCTION, PUBLICATION, DISTRIBUTION, MANUFACTURE, AND COPYRIGHT NOTICE |
| Place of production, publication, distribution, manufacture |
New York : |
| Name of producer, publisher, distributor, manufacturer |
McGraw-Hill, Health Professions Division, |
| Date of production, publication, distribution, manufacture, or copyright notice |
c1997. |
|
| Date of production, publication, distribution, manufacture, or copyright notice |
©1997. |
| 300 ## - PHYSICAL DESCRIPTION |
| Extent |
xxv, 1722 pages : |
| Other physical details |
illustrations ; |
| Dimensions |
24 cm |
| 336 ## - CONTENT TYPE |
| Content type term |
text |
| Content type code |
txt |
| Source |
rdacontent |
| 337 ## - MEDIA TYPE |
| Media type term |
unmediated |
| Media type code |
n |
| Source |
rdamedia |
| 338 ## - CARRIER TYPE |
| Carrier type term |
volume |
| Carrier type code |
nc |
| Source |
rdacarrier |
| 500 ## - GENERAL NOTE |
| General note |
Includes index. |
| 650 22 - SUBJECT ADDED ENTRY--TOPICAL TERM |
| Topical term or geographic name entry element |
Cardiovascular Diseases |
| General subdivision |
drug therapy |
| 9 (RLIN) |
6012 |
|
| Topical term or geographic name entry element |
Cardiovascular Agents |
| 9 (RLIN) |
142609 |
|
| Topical term or geographic name entry element |
Cardiovascular System |
| General subdivision |
drug effects |
| 9 (RLIN) |
29759 |
| 700 1# - ADDED ENTRY--PERSONAL NAME |
| Personal name |
Frishman, William H., |
| Dates associated with a name |
1946- |
| Relator term |
editor |
| 9 (RLIN) |
142605 |
|
| Personal name |
Sonnenblick, Edmund H., |
| Dates associated with a name |
1932-2007 |
| Relator term |
editor |
| 9 (RLIN) |
142606 |
| 942 ## - ADDED ENTRY ELEMENTS (KOHA) |
| Source of classification or shelving scheme |
National Library of Medicine |
| Koha item type |
Book |